Airlines serving Kansas City (MCI) - Statistics

General Stats
  • This quiz has been taken 21 times
  • The average score is 6 of 11
Answer Stats
Airline % Correct
Delta Air Lines
100%
American Airlines
94%
Southwest Airlines
94%
United Airlines
83%
Spirit Airlines
72%
Frontier Airlines
67%
Allegiant
44%
Alaska Airlines
39%
Sun Country Airlines
39%
Apple Vacations
6%
Vacation Express
0%
No matching quizzes found
Score Distribution
Percent of People with Each Score
Percentile by Number Answered
Your Score History
You have not taken this quiz